| 000 | 00779nam a22001217a 4500 | ||
|---|---|---|---|
| 040 | _cRUA | ||
| 082 | _aVEM EAN 2025 B705 Or.1 | ||
| 100 | _aEANG SERYVISAL, អៀង សិរីវិសាល | ||
| 245 | _aRadiography And Ultrasonography On Bladder In Feline At Veterinary Medicine, Royal University Of Agriculture, វិទ្យុសាស្រ្ត និងរូបភាពសាស្រ្តលើប្លោកនោមពិឡារ នៅមន្ទីពេទ្យសត្វមហាវិទ្យាល័យវេជ្ជសាស្រ្តសត្វនៃសាកលវិទ្យាល័យភូមិន្ទកសិកម្ម | ||
| 260 |
_aPHNOM PENH _bRUA _c2025 |
||
| 300 |
_aviii,50p. _bill. _c29cm. |
||
| 942 | _cសារណាបទ | ||
| 999 |
_c25572 _d25572 |
||